[Event "Dortmund Sparkassen op-A 46th"]
[Site "Dortmund"]
[Date "2018.07.15"]
[Round "2"]
[White "Wilde, Justin"]
[Black "Buechle, Manfred"]
[Result "1-0"]
[WhiteElo "1930"]
[BlackElo "2037"]
[PlyCount "47"]
[EventDate "2018.07.14"]
[EventType "swiss"]
[EventRounds "9"]
[EventCountry "GER"]
[SourceTitle "CBM 185 Extra"]
[Source "ChessBase"]
[SourceDate "2018.07.29"]
[SourceVersion "1"]
[SourceVersionDate "2018.07.29"]
[SourceQuality "1"]

1. d4 d5 2. c4 e6 3. Nf3 Nf6 4. Nc3 Be7 5. Bf4 a6 6. e3 0-0 7. Qc2 c6 8. Bd3 h6 9. c5 Nbd7 10. 0-0 Nh5 11. b4 Nxf4 12. exf4 Qc7 13. Ne5 Nxe5 14. fxe5 f6 15. f4 fxe5 16. fxe5 Bd7 17. a4 Bg5 18. Qe2 Rxf1+ 19. Rxf1 Rf8 20. Bh7+ Kxh7 21. Rxf8 Bc8 22. Qd3+ g6 23. Qf3 Kg7 24. a5 1-0

[Event "Dortmund Sparkassen op-A 45th"]
[Site "Dortmund"]
[Date "2017.07.17"]
[Round "3"]
[White "Buechle, Manfred"]
[Black "Schmitz, Edgar"]
[Result "1/2-1/2"]
[WhiteElo "2118"]
[BlackElo "1909"]
[PlyCount "93"]
[EventDate "2017.07.15"]
[EventType "swiss"]
[EventRounds "9"]
[EventCountry "GER"]
[SourceTitle "CBM 179 Extra"]
[Source "ChessBase"]
[SourceDate "2017.08.23"]
[SourceVersion "1"]
[SourceVersionDate "2017.08.23"]
[SourceQuality "1"]

1. e4 c5 2. Nf3 d6 3. d4 cxd4 4. Nxd4 Nf6 5. Nc3 a6 6. Be2 e6 7. 0-0 Be7 8. Be3 Nbd7 9. Nb3 b5 10. a3 Bb7 11. f3 Qc7 12. Qe1 d5 13. exd5 Nxd5 14. Nxd5 Bxd5 15. Rc1 Rc8 16. Qf2 0-0 17. Rfd1 Bf6 18. Bd4 Rfd8 19. Bxf6 Nxf6 20. Nd4 Bc4 21. Bxc4 Qxc4 22. c3 h6 23. Re1 Rd5 24. Nc2 Qc7 25. Nb4 Rd6 26. Rcd1 Rcd8 27. Rxd6 Rxd6 28. g3 Qd7 29. Re2 h5 30. Kg2 Nd5 31. Nxd5 Rxd5 32. Qe3 Qd6 33. h4 g6 34. f4 Rd3 35. Qe4 Rd1 36. Kf3 Rf1+ 37. Rf2 Qd1+ 38. Qe2 Qd5+ 39. Ke3 Rd1 40. Rf1 Qc5+ 41. Kf3 Qc6+ 42. Kf2 Qc5+ 43. Kg2 Qd5+ 44. Qf3 Qd2+ 45. Qf2 Qd5+ 46. Qf3 Qd2+ 47. Qf2 1/2-1/2

[Event "Dortmund Sparkassen op-A 45th"]
[Site "Dortmund"]
[Date "2017.07.16"]
[Round "2"]
[White "Boecker, Juergen"]
[Black "Buechle, Manfred"]
[Result "1/2-1/2"]
[WhiteElo "1930"]
[BlackElo "2118"]
[PlyCount "78"]
[EventDate "2017.07.15"]
[EventType "swiss"]
[EventRounds "9"]
[EventCountry "GER"]
[SourceTitle "CBM 179 Extra"]
[Source "ChessBase"]
[SourceDate "2017.08.23"]
[SourceVersion "1"]
[SourceVersionDate "2017.08.23"]
[SourceQuality "1"]

1. e4 c5 2. Nc3 Nc6 3. f4 d6 4. Bb5 a6 5. Bxc6+ bxc6 6. Nf3 Nf6 7. d3 e6 8. 0-0 Be7 9. Qe1 0-0 10. b3 Nd7 11. Bd2 Qc7 12. e5 d5 13. Nd1 Re8 14. Kh1 Nf8 15. Nb2 f5 16. c4 Nd7 17. Rc1 Qa7 18. Rg1 Kh8 19. g4 Nf8 20. g5 Rd8 21. Rg3 Bd7 22. Ba5 Rdc8 23. Rh3 Be8 24. Qf2 d4 25. Rf1 Ng6 26. Nh4 Kg8 27. Na4 Rab8 28. Bd2 Bf8 29. Bc1 Rd8 30. Ba3 a5 31. Qf3 Nxh4 32. Rxh4 g6 33. Rh3 Rb4 34. Rg3 Rc8 35. h4 Rb7 36. Kh2 Rcc7 37. Kg2 Rg7 38. Kf2 Rgc7 39. Rh3 Rg7 1/2-1/2

[Event "Ruhrgebiet Verbandsklasse Gruppe 3 1617"]
[Site "Germany"]
[Date "2016.09.04"]
[Round "1.6"]
[White "Matthes, Severin Johannes"]
[Black "Buechle, Manfred"]
[Result "1-0"]
[WhiteElo "1795"]
[BlackElo "1803"]
[PlyCount "119"]
[EventDate "2016.09.04"]
[EventType "team-tourn"]
[EventRounds "9"]
[EventCountry "GER"]
[SourceTitle "EXT 2022"]
[Source "ChessBase"]
[SourceDate "2021.10.06"]
[SourceVersion "1"]
[SourceVersionDate "2021.10.06"]
[SourceQuality "1"]
[WhiteTeam "Oberhausen SW"]
[BlackTeam "Brackel SF III"]
[WhiteTeamCountry "GER"]
[BlackTeamCountry "GER"]

1. e4 c5 2. Nf3 Nc6 3. d4 cxd4 4. Nxd4 Nf6 5. Nc3 d6 6. Bg5 e6 7. Bb5 Bd7 8. 0-0 Be7 9. Be3 a6 10. Be2 0-0 11. Kh1 Qc7 12. f4 Nxd4 13. Bxd4 Bc6 14. Bf3 Rad8 15. Qe1 Nd7 16. Rd1 Bf6 17. Bxf6 Nxf6 18. Qf2 b5 19. g4 b4 20. g5 Ng4 21. Bxg4 bxc3 22. Bf3 cxb2 23. Qd4 d5 24. e5 Rb8 25. Rb1 Qb6 26. Qd2 Bb5 27. Rf2 Bc4 28. c3 Bxa2 29. Rxb2 Qxb2 30. Qxb2 Rxb2 31. Rxb2 Bc4 32. Kg2 Rc8 33. Kf2 Bb5 34. Rb3 Kf8 35. Ke3 Ke7 36. f5 Rc7 37. f6+ gxf6 38. gxf6+ Kd7 39. Kd2 Rc8 40. Rb4 Rg8 41. Rh4 Rh8 42. Rg4 a5 43. Rg7 Ke8 44. Bh5 Rf8 45. Rxh7 a4 46. Kc2 Bc4 47. Kb2 Bd3 48. Rg7 Bb5 49. h4 Bc6 50. Ka3 Bb5 51. Bd1 Rh8 52. h5 Kf8 53. Kb4 Be8 54. Bc2 Rxh5 55. Bh7 Rxh7 56. Rxh7 Kg8 57. Rh2 Bd7 58. Kc5 Be8 59. Kd6 Bb5 60. Ke7 1-0

[Event "Dortmund Sparkassen op-A"]
[Site "Dortmund"]
[Date "2015.06.30"]
[Round "4"]
[White "Carrasco, Paul"]
[Black "Buechle, Manfred"]
[Result "1-0"]
[WhiteElo "2016"]
[BlackElo "2274"]
[PlyCount "61"]
[EventDate "2015.06.27"]
[EventType "swiss"]
[EventRounds "9"]
[EventCountry "GER"]
[SourceTitle "CBM 167 Extra"]
[Source "ChessBase"]
[SourceDate "2015.09.14"]
[SourceVersion "1"]
[SourceVersionDate "2015.09.14"]
[SourceQuality "1"]

1. c4 e6 2. Nc3 d5 3. d4 Nf6 4. Bg5 Be7 5. e3 0-0 6. Nf3 h6 7. Bh4 Nbd7 8. Bd3 c5 9. cxd5 Nxd5 10. Bxe7 Nxe7 11. 0-0 cxd4 12. Nxd4 Nf6 13. Qe2 a6 14. Rfd1 Ned5 15. Rac1 Qe7 16. Nxd5 Nxd5 17. Bb1 b5 18. Qc2 g6 19. Nc6 Qg5 20. f4 Qg4 21. Qe4 Bb7 22. Ne5 Qh5 23. Rd2 Rac8 24. Rcd1 f5 25. Qd4 g5 26. Nd7 Rf7 27. Nc5 gxf4 28. exf4 Re8 29. Qe5 Qg4 30. Nxb7 Rxb7 31. Rxd5 1-0

[Event "NRW Verbandsklasse Group1 1314"]
[Site "Nordrheinwestfalen"]
[Date "2013.11.24"]
[Round "4"]
[White "Berg, Dietmar2222"]
[Black "Buechle, Manfred"]
[Result "1-0"]
[WhiteElo "2095"]
[BlackElo "1832"]
[PlyCount "68"]
[EventDate "2013.09.08"]
[EventType "team-tourn"]
[EventRounds "9"]
[EventCountry "GER"]
[SourceTitle "EXT 2020"]
[Source "ChessBase"]
[SourceDate "2019.10.17"]
[SourceVersion "1"]
[SourceVersionDate "2019.10.17"]
[SourceQuality "1"]
[WhiteTeam "Unser Fritz"]
[BlackTeam "Eichlinghofen SV II"]
[WhiteTeamCountry "GER"]
[BlackTeamCountry "GER"]

1. d4 d5 2. Nf3 e6 3. c4 Nf6 4. Bg5 Be7 5. Nc3 0-0 6. e3 b6 7. cxd5 exd5 8. Be2 Bb7 9. 0-0 Nbd7 10. Rc1 a6 11. Qc2 Rc8 12. Rfd1 h6 13. Bf4 c5 14. Bd3 c4 15. Bf5 Ra8 16. Qe2 b5 17. a3 Re8 18. Ne5 Nf8 19. Qf3 Qb6 20. g4 Ne6 21. h4 Nxf4 22. exf4 Ne4 23. g5 hxg5 24. hxg5 g6 25. Nxe4 dxe4 26. Bxe4 Bxe4 27. Qxe4 Rad8 28. Rc3 Bf8 29. f5 f6 30. gxf6 Qxf6 31. f4 gxf5 32. Qg2+ Bg7 33. Rg3 Rd6 34. Kf2 Re7 1-0

[Event "Ruhrgebiet VK3 1112"]
[Site "Nordrheinwestfalen"]
[Date "2012.04.22"]
[Round "9"]
[White "Schweiger, Udo"]
[Black "Buechle, Manfred"]
[Result "1/2-1/2"]
[WhiteElo "1849"]
[BlackElo "1856"]
[PlyCount "38"]
[EventDate "2012.09.18"]
[EventType "team-tourn"]
[EventRounds "9"]
[EventCountry "GER"]
[SourceTitle "EXT 2020"]
[Source "ChessBase"]
[SourceDate "2019.10.17"]
[SourceVersion "1"]
[SourceVersionDate "2019.10.17"]
[SourceQuality "1"]
[WhiteTeam "Ickern"]
[BlackTeam "Eichlinghofen SV II"]
[WhiteTeamCountry "GER"]
[BlackTeamCountry "GER"]

1. e4 c5 2. Nf3 Nc6 3. d4 cxd4 4. Nxd4 Nf6 5. Nc3 d6 6. Bc4 e6 7. Be3 a6 8. Bb3 Be7 9. Qe2 Qc7 10. 0-0-0 b5 11. Nxc6 Qxc6 12. f3 0-0 13. g4 Nd7 14. Nd5 Bd8 15. Bf4 Nc5 16. Nb4 Nxb3+ 17. axb3 Qb7 18. Bxd6 Be7 19. Bxe7 Qxe7 1/2-1/2

[Event "Ruhrgebiet VK3 1112"]
[Site "Nordrheinwestfalen"]
[Date "2012.03.04"]
[Round "7.2"]
[White "Daemmrich, Lars"]
[Black "Buechle, Manfred"]
[Result "1-0"]
[WhiteElo "1961"]
[BlackElo "1856"]
[PlyCount "71"]
[EventDate "2012.09.18"]
[EventType "team-tourn"]
[EventRounds "9"]
[EventCountry "GER"]
[SourceTitle "EXT 2020"]
[Source "ChessBase"]
[SourceDate "2019.10.17"]
[SourceVersion "1"]
[SourceVersionDate "2019.10.17"]
[SourceQuality "1"]
[WhiteTeam "Sport Union Annen"]
[BlackTeam "Eichlinghofen SV II"]
[WhiteTeamCountry "GER"]
[BlackTeamCountry "GER"]

1. e4 c5 2. Nf3 Nc6 3. d4 cxd4 4. Nxd4 Nf6 5. Nc3 d6 6. Be2 e6 7. Be3 a6 8. g4 Be7 9. g5 Nd7 10. h4 Nc5 11. Nxc6 bxc6 12. Bxc5 dxc5 13. Qxd8+ Kxd8 14. e5 Kc7 15. 0-0-0 h6 16. Ne4 hxg5 17. hxg5 Bb7 18. Bg4 Rad8 19. Rxh8 Rxh8 20. g6 Rh4 21. f3 fxg6 22. Bxe6 Bc8 23. Bxc8 Kxc8 24. e6 Rf4 25. Rd7 Bf8 26. Ra7 Kd8 27. Rxa6 Rxf3 28. Rxc6 Rf5 29. Kd2 g5 30. a4 g4 31. a5 c4 32. a6 Ra5 33. Ke3 g5 34. Rb6 c3 35. b4 Re5 36. Rb8+ 1-0

[Event "Ruhrgebiet VK3 1112"]
[Site "Nordrheinwestfalen"]
[Date "2011.11.13"]
[Round "3"]
[White "Schlueter, Christoph"]
[Black "Buechle, Manfred"]
[Result "1/2-1/2"]
[WhiteElo "2032"]
[BlackElo "1856"]
[PlyCount "78"]
[EventDate "2012.09.18"]
[EventType "team-tourn"]
[EventRounds "9"]
[EventCountry "GER"]
[SourceTitle "EXT 2020"]
[Source "ChessBase"]
[SourceDate "2019.10.17"]
[SourceVersion "1"]
[SourceVersionDate "2019.10.17"]
[SourceQuality "1"]
[WhiteTeam "Kirchhellen SF"]
[BlackTeam "Eichlinghofen SV II"]
[WhiteTeamCountry "GER"]
[BlackTeamCountry "GER"]

1. c4 e6 2. Nc3 d5 3. d4 Nf6 4. cxd5 exd5 5. Bg5 Be7 6. Qc2 c6 7. e3 h6 8. Bh4 0-0 9. Bd3 Re8 10. Nf3 Nbd7 11. 0-0 Ne4 12. Bxe7 Qxe7 13. Rab1 Ndf6 14. Ne5 Ng4 15. Nxg4 Bxg4 16. b4 Nxc3 17. Qxc3 a6 18. a4 Bd7 19. Rfc1 Rec8 20. Qc5 Qd8 21. Qd6 Be8 22. Qe5 Bd7 23. h3 Qe8 24. Qf4 Qe7 25. Kf1 Be8 26. g4 Bd7 27. Kg2 Qh4 28. Rc5 h5 29. Bf5 Bxf5 30. Qxf5 g6 31. Qf3 hxg4 32. hxg4 Kg7 33. Rh1 Qe7 34. Rcc1 Rh8 35. b5 Rxh1 36. Rxh1 axb5 37. axb5 Rh8 38. Rxh8 Kxh8 39. bxc6 bxc6 1/2-1/2

[Event "Ruhrgebiet VK2 0910"]
[Site "Ruhrgebiet"]
[Date "2010.02.07"]
[Round "6.1"]
[White "Grosse Frintrop, Gerd"]
[Black "Buechle, Manfred"]
[Result "1-0"]
[WhiteElo "2070"]
[BlackElo "1868"]
[PlyCount "113"]
[EventDate "2009.09.06"]
[EventType "team"]
[EventRounds "9"]
[EventCountry "GER"]
[SourceTitle "EXT 2011"]
[Source "ChessBase"]
[SourceDate "2010.11.26"]
[SourceVersion "1"]
[SourceVersionDate "2010.11.26"]
[SourceQuality "1"]
[WhiteTeam "Buer"]
[BlackTeam "Eichlinghofen SV II"]
[WhiteTeamCountry "GER"]
[BlackTeamCountry "GER"]

1. d4 d5 2. c4 e6 3. cxd5 exd5 4. Nc3 Nf6 5. Bg5 Be7 6. e3 0-0 7. Qc2 c6 8. Bd3 h6 9. Bh4 Nbd7 10. Nge2 a6 11. 0-0 c5 12. Rad1 c4 13. Bf5 b5 14. a3 Bb7 15. f3 Re8 16. e4 dxe4 17. fxe4 Nxe4 18. Nxe4 Bxh4 19. Nd6 Bd5 20. Nc3 Nf6 21. Nxe8 Qxe8 22. Nxd5 Nxd5 23. Qe4 Qxe4 24. Bxe4 Rd8 25. Bxd5 Rxd5 26. Rf4 Bf6 27. Kf2 a5 28. Kf3 b4 29. Ke4 Rg5 30. g4 Be7 31. Rc1 Bd6 32. Rxc4 Bxf4 33. Rc8+ Kh7 34. Kxf4 Rb5 35. axb4 Rxb4 36. Rc5 Rxb2 37. h4 Rf2+ 38. Ke3 Rg2 39. d5 Rg3+ 40. Kf4 Ra3 41. d6 Rd3 42. Ke5 a4 43. Ra5 a3 44. Ra7 Kg8 45. h5 Re3+ 46. Kd4 Re8 47. Rxa3 Rd8 48. Kd5 Kf8 49. Ra7 Ke8 50. Re7+ Kf8 51. Kc6 Ra8 52. Rb7 Ke8 53. Kc7 Rd8 54. Rb3 Rd7+ 55. Kc6 Rd8 56. Re3+ Kf8 57. d7 1-0

[Event "Dortmund op"]
[Site "Dortmund"]
[Date "2006.03.23"]
[Round "9.5"]
[White "Buechle, Manfred"]
[Black "Mrozinski, Werner"]
[Result "1/2-1/2"]
[WhiteElo "1908"]
[BlackElo "1899"]
[PlyCount "101"]
[EventDate "2006.03.06"]
[EventType "swiss"]
[EventRounds "9"]
[EventCountry "GER"]
[SourceTitle "CBM 111 Extra"]
[Source "ChessBase"]
[SourceDate "2006.05.09"]
[SourceVersion "1"]
[SourceVersionDate "2006.05.09"]
[SourceQuality "1"]

1. e4 d5 2. exd5 Nf6 3. Nc3 Nxd5 4. Nxd5 Qxd5 5. Nf3 Bg4 6. Be2 g6 7. d4 Bg7 8. c3 0-0 9. 0-0 c5 10. h3 Bd7 11. dxc5 Qxc5 12. Be3 Qc7 13. Qc1 Rd8 14. Re1 e5 15. Bh6 Bh8 16. Qe3 f6 17. Rad1 Na6 18. Bxa6 bxa6 19. Qe4 Be6 20. Qa4 Qb7 21. b3 Bg7 22. Bxg7 Kxg7 23. Rxd8 Rxd8 24. Qe4 Bd5 25. Qe3 Re8 26. c4 Bc6 27. Rd1 Re7 28. Ne1 f5 29. Rd6 f4 30. Qc5 Be4 31. f3 Bf5 32. Qd5 Qb4 33. Qd2 Qc5+ 34. Kh2 g5 35. Rd5 Qc7 36. Kh1 Be6 37. Rd6 Bc8 38. Rd5 Bb7 39. Rd6 Kf7 40. Rh6 Ke8 41. Rd6 e4 42. fxe4 Rxe4 43. Nf3 Qe7 44. c5 g4 45. Qc3 gxf3 46. Qh8+ Kf7 47. Qxh7+ Kf8 48. Qh8+ Kf7 49. Qh5+ Kf8 50. Qh6+ Ke8 51. Qh8+ 1/2-1/2

[Event "Dortmund op"]
[Site "Dortmund"]
[Date "2006.03.16"]
[Round "6.9"]
[White "Buechle, Manfred"]
[Black "Hartung, Thomas"]
[Result "0-1"]
[WhiteElo "1908"]
[BlackElo "1866"]
[PlyCount "40"]
[EventDate "2006.03.06"]
[EventType "swiss"]
[EventRounds "9"]
[EventCountry "GER"]
[SourceTitle "CBM 111 Extra"]
[Source "ChessBase"]
[SourceDate "2006.05.09"]
[SourceVersion "1"]
[SourceVersionDate "2006.05.09"]
[SourceQuality "1"]

1. e4 e5 2. Nf3 Nc6 3. Bb5 a6 4. Ba4 Nf6 5. 0-0 Be7 6. Re1 b5 7. Bb3 0-0 8. c3 d5 9. exd5 Nxd5 10. Nxe5 Nxe5 11. Rxe5 c6 12. d4 Bd6 13. Re1 Qh4 14. g3 Qh3 15. Bxd5 cxd5 16. Qf3 Be6 17. Nd2 Rae8 18. Re3 f5 19. Rxe6 Rxe6 20. Qxd5 f4 0-1

[Event "Ruhrgebiet VK1 0405"]
[Site "Ruhrgebiet"]
[Date "2005.01.09"]
[Round "5.3"]
[White "Gerst, Michael"]
[Black "Buechle, Manfred"]
[Result "0-1"]
[WhiteElo "1910"]
[BlackElo "1870"]
[PlyCount "64"]
[EventDate "2004.09.12"]
[EventType "team"]
[EventRounds "9"]
[EventCountry "GER"]
[SourceTitle "EXT 2006"]
[Source "ChessBase"]
[SourceDate "2005.11.24"]
[SourceVersion "1"]
[SourceVersionDate "2005.11.24"]
[SourceQuality "1"]
[WhiteTeam "Oberhausen II"]
[BlackTeam "Brackel II"]
[WhiteTeamCountry "GER"]
[BlackTeamCountry "GER"]

1. d4 d5 2. c4 e6 3. Nc3 Nf6 4. Bg5 Be7 5. e3 h6 6. Bh4 0-0 7. Nf3 Nbd7 8. Rc1 c5 9. cxd5 exd5 10. dxc5 Nxc5 11. Bxf6 Bxf6 12. Nxd5 b6 13. b4 Ne6 14. Qb3 Bb7 15. Nxf6+ Qxf6 16. Be2 Ng5 17. Qc3 Rac8 18. Qxf6 Rxc1+ 19. Kd2 Rxh1 20. Qe7 Ne4+ 21. Kc2 Bd5 22. Qe5 Rc8+ 23. Kb2 Nc3 24. Ba6 Rb1+ 25. Kc2 Be4+ 26. Bd3 Bxd3+ 27. Kxd3 Nxa2 28. b5 Rd1+ 29. Ke4 Nc3+ 30. Kf4 Rd5 31. Qe7 Rc4+ 32. Nd4 Rdxd4+ 0-1

[Event "Ruhrgebiet VK1 0405"]
[Site "Ruhrgebiet"]
[Date "2004.11.28"]
[Round "4.2"]
[White "Hoefker, Mathias"]
[Black "Buechle, Manfred"]
[Result "1/2-1/2"]
[WhiteElo "2151"]
[BlackElo "1870"]
[PlyCount "98"]
[EventDate "2004.09.12"]
[EventType "team"]
[EventRounds "9"]
[EventCountry "GER"]
[SourceTitle "EXT 2006"]
[Source "ChessBase"]
[SourceDate "2005.11.24"]
[SourceVersion "1"]
[SourceVersionDate "2005.11.24"]
[SourceQuality "1"]
[WhiteTeam "Recklinghausen Sued"]
[BlackTeam "Brackel II"]
[WhiteTeamCountry "GER"]
[BlackTeamCountry "GER"]

1. d4 d5 2. c4 e6 3. Nc3 Nf6 4. Bg5 Be7 5. e3 h6 6. Bh4 0-0 7. Nf3 b6 8. Bd3 Bb7 9. Bxf6 Bxf6 10. cxd5 exd5 11. 0-0 c5 12. Rc1 Nd7 13. e4 Bxd4 14. Nxd4 cxd4 15. Nxd5 Bxd5 16. exd5 Nf6 17. Bc4 Nxd5 18. Qxd4 Nf6 19. Qf4 Re8 20. Rfd1 Qe7 21. Bb5 Qe5 22. Qxe5 Rxe5 23. Ba6 Rae8 24. h3 Ra5 25. Bc4 Rc5 26. b4 Rce5 27. Ba6 Rd5 28. a3 Rxd1+ 29. Rxd1 Re7 30. Rd8+ Kh7 31. Kf1 g6 32. Rb8 Kg7 33. Rb7 Nd5 34. Rxe7 Nxe7 35. Bb7 Kf6 36. Ke2 Ke5 37. Kd3 Nf5 38. g3 g5 39. Ba8 Nd6 40. Bc6 f5 41. a4 Nc8 42. Ke3 Ne7 43. Bb7 Ng6 44. Kd3 f4 45. Kc4 Kd6 46. Kd4 fxg3 47. fxg3 Ne7 48. Be4 Ke6 49. g4 Kd6 1/2-1/2

[Event "Ruhrgebiet VK3 0304"]
[Site "Ruhrgebiet"]
[Date "2004.04.25"]
[Round "9.1"]
[White "Schulz, Alfons"]
[Black "Buechle, Manfred"]
[Result "1-0"]
[WhiteElo "1869"]
[BlackElo "1944"]
[PlyCount "57"]
[EventDate "2003.09.28"]
[EventType "team"]
[EventRounds "9"]
[EventCountry "GER"]
[SourceTitle "EXT 2007"]
[Source "ChessBase"]
[SourceDate "2006.11.23"]
[SourceVersion "1"]
[SourceVersionDate "2006.11.23"]
[SourceQuality "1"]
[WhiteTeam "Haltern"]
[BlackTeam "Brackel II"]
[WhiteTeamCountry "GER"]
[BlackTeamCountry "GER"]

1. Nf3 Nf6 2. g3 c5 3. Bg2 d5 4. 0-0 Nc6 5. d3 e5 6. Nbd2 Be7 7. e4 d4 8. a4 h6 9. Nc4 Qc7 10. Bd2 Be6 11. b3 Bxc4 12. bxc4 b6 13. Nh4 g6 14. f4 Nd7 15. Nf3 0-0-0 16. a5 bxa5 17. Bh3 Rdf8 18. fxe5 Kd8 19. e6 fxe6 20. Bxe6 Bd6 21. Qe2 Nde5 22. Nxe5 Bxe5 23. Rxf8+ Rxf8 24. Bxh6 Rh8 25. Bg5+ Ne7 26. Rf1 Qd6 27. Qg4 Rh5 28. Rf8+ Kc7 29. Bxe7 1-0

[Event "Dortmund-ch"]
[Site "Dortmund"]
[Date "2004.03.08"]
[Round "4"]
[White "Buechle, Manfred"]
[Black "Schultz, Bernfried"]
[Result "1-0"]
[WhiteElo "1959"]
[BlackElo "1611"]
[PlyCount "115"]
[EventDate "2004.03.01"]
[EventType "swiss"]
[EventRounds "9"]
[EventCountry "GER"]
[SourceTitle "EXT 2006"]
[Source "ChessBase"]
[SourceDate "2005.11.24"]
[SourceVersion "1"]
[SourceVersionDate "2005.11.24"]
[SourceQuality "1"]

1. e4 d6 2. d4 Nf6 3. Nc3 g6 4. Nf3 Bg7 5. h3 0-0 6. Bc4 Nxe4 7. Nxe4 d5 8. Bd3 dxe4 9. Bxe4 c5 10. c3 cxd4 11. Nxd4 e5 12. Nb5 Qxd1+ 13. Kxd1 Rd8+ 14. Ke2 Na6 15. Bc2 Be6 16. Na3 Rac8 17. Bg5 f6 18. Be3 b6 19. Bb3 Bxb3 20. axb3 Nc5 21. Bxc5 Rxc5 22. Rhd1 Rcd5 23. Rxd5 Rxd5 24. Nc4 Rd7 25. b4 Bf8 26. Ne3 Kf7 27. b5 Ke6 28. Ra4 f5 29. f3 Be7 30. Rc4 Bc5 31. b4 Bd6 32. Rc6 Rc7 33. Rxc7 Bxc7 34. Kd3 Bd6 35. Nc2 Be7 36. c4 Bd6 37. Kc3 Be7 38. Ne3 Bf8 39. Nd5 Bd6 40. Ne3 Bf8 41. Nd1 Be7 42. Nf2 Bd6 43. Nd3 e4 44. fxe4 fxe4 45. Ne1 Kf5 46. Nc2 Kf4 47. Kd4 Kg3 48. c5 Bc7 49. Ne3 h5 50. Kxe4 bxc5 51. bxc5 Kf2 52. g4 h4 53. Nd5 Bg3 54. c6 Kg2 55. Nf4+ Bxf4 56. Kxf4 g5+ 57. Kxg5 Kxh3 58. c7 1-0

[Event "Ruhrgebiet VK3 0304"]
[Site "Ruhrgebiet"]
[Date "2004.02.08"]
[Round "6.1"]
[White "Buechle, Manfred"]
[Black "Jacubowski, Andreas"]
[Result "1-0"]
[WhiteElo "1944"]
[BlackElo "2018"]
[PlyCount "37"]
[EventDate "2003.09.28"]
[EventType "team"]
[EventRounds "9"]
[EventCountry "GER"]
[SourceTitle "EXT 2007"]
[Source "ChessBase"]
[SourceDate "2006.11.23"]
[SourceVersion "1"]
[SourceVersionDate "2006.11.23"]
[SourceQuality "1"]
[WhiteTeam "Brackel II"]
[BlackTeam "Altenessen II"]
[WhiteTeamCountry "GER"]
[BlackTeamCountry "GER"]

1. e4 c5 2. Nf3 e6 3. d4 cxd4 4. Nxd4 Nf6 5. Nc3 Bb4 6. Bd3 Nc6 7. Nxc6 bxc6 8. 0-0 Bxc3 9. bxc3 Qa5 10. c4 Ba6 11. a4 h6 12. Ba3 0-0-0 13. Qe2 d5 14. cxd5 Bxd3 15. cxd3 exd5 16. Rfc1 Qa6 17. e5 Rhe8 18. Qb2 Nd7 19. Bd6 1-0